[Event "Reykjavik Open 2025"]
[Site "Reykjavik"]
[Date "2025.04.10"]
[Round "2.78"]
[White "Lacroix, Romain"]
[Black "Eliasson, Kristjan Orn"]
[Result "1-0"]
[WhiteElo "2101"]
[WhiteTitle "CM"]
[WhiteFideId "642592"]
[BlackElo "1889"]
[BlackFideId "2301784"]
[Variant "Standard"]
[StudyName "ROpen 2025 - Rd2 - Boards 45-108"]
1. d4 d6 2. Nf3 Nf6 3. g3 g6 4. Bg2 Bg7 5. O-O O-O 6. Re1 Nc6 7. d5 Nb8 8. e4 e5 9. Nc3 Nbd7 10. a4 a5 11. h3 Ne8 12. Bg5 f6 13. Be3 h6 14. Nh4 Kh7 15. Qg4 g5 16. Nf5 Rg8 17. h4 Bf8 18. Qh5 Rg6 19. Bh3 Nc5 20. Qf3 Rg8 21. Kg2 Ng7 22. Rh1 Nxf5 23. Bxf5+ Kg7 24. hxg5 fxg5 25. Rxh6 Rh8 26. Rg6+ Kf7 27. Be6+ Kxg6 28. Qf7+ Kh6 1-0

[Event "Reykjavik Open 2025"]
[Site "Reykjavik"]
[Date "2025.04.10"]
[Round "2.79"]
[White "Rosario Almanzar, Raydily"]
[Black "Ponnio, Toni"]
[Result "0-1"]
[WhiteElo "1888"]
[WhiteFideId "6403573"]
[BlackElo "2103"]
[BlackFideId "509604"]
[Variant "Standard"]
[StudyName "ROpen 2025 - Rd2 - Boards 45-108"]
1. d4 Nf6 2. c4 c5 3. d5 g6 4. Nc3 Bg7 5. e4 d6 6. Be2 e6 7. h4 exd5 8. exd5 Nbd7 9. h5 Nxh5 10. Bxh5 gxh5 11. Rxh5 Ne5 12. Nge2 Bg4 13. Rh1 Bf5 14. Kf1 Qd7 15. b3 h5 16. Bg5 Bg6 17. a4 Qf5 18. Qd2 Nd3 19. f3 a6 20. Rd1 Qd7 21. Qe3+ Ne5 22. f4 f6 0-1

[Event "Reykjavik Open 2025"]
[Site "Reykjavik"]
[Date "2025.04.10"]
[Round "2.80"]
[White "Beisteiner, Joachim"]
[Black "Kleinert, Juergen"]
[Result "1-0"]
[WhiteElo "2097"]
[WhiteFideId "1682296"]
[BlackElo "1885"]
[BlackFideId "4659180"]
[Variant "Standard"]
[StudyName "ROpen 2025 - Rd2 - Boards 45-108"]
1. e4 c6 2. d4 d5 3. e5 Bf5 4. Nf3 e6 5. Be2 c5 6. c3 Nc6 7. O-O cxd4 8. Nxd4 Nxd4 9. cxd4 a6 10. Nc3 Ne7 11. g4 Bg6 12. f4 h5 13. f5 Bh7 14. Bg5 Qd7 15. Na4 Nc8 16. Rc1 hxg4 17. fxe6 fxe6 18. Bxg4 Be4 19. Qb3 b5 20. Rxc8+ Rxc8 21. Nb6 Qc6 22. Nxc8 Qxc8 23. Rc1 Qd7 24. Qc3 Kf7 25. Qc8 Qxc8 26. Rxc8 a5 27. h4 Bb1 28. Rc7+ Kg6 29. Bxe6 Bxa2 30. Bf7+ Kf5 31. e6 Bd6 32. Rc6 1-0

[Event "Reykjavik Open 2025"]
[Site "Reykjavik"]
[Date "2025.04.10"]
[Round "2.82"]
[White "Lohr, Matthias"]
[Black "Roth, Jonas"]
[Result "1-0"]
[WhiteElo "2092"]
[WhiteFideId "4692772"]
[BlackElo "1881"]
[BlackFideId "34623515"]
[Variant "Standard"]
[StudyName "ROpen 2025 - Rd2 - Boards 45-108"]
1. Nf3 Nf6 2. b3 b6 3. Bb2 Bb7 4. c4 e6 5. g3 Be7 6. Bg2 O-O 7. O-O c5 8. d3 Nc6 9. e4 d6 10. Re1 Nd7 11. d4 cxd4 12. Nxd4 Nxd4 13. Bxd4 Qc7 14. Nc3 a6 15. Rc1 Bf6 16. Be3 Rfd8 17. Qe2 Rac8 18. f4 Nc5 19. Bf2 Ba8 20. g4 Nd7 21. g5 Be7 22. Qg4 Rf8 23. Re3 Rfe8 24. Rh3 Nf8 25. f5 exf5 26. exf5 f6 27. Nd5 Bxd5 28. Bxd5+ Kh8 29. g6 Bd8 30. Rxh7+ Nxh7 31. Qh3 1-0

[Event "Reykjavik Open 2025"]
[Site "Reykjavik"]
[Date "2025.04.10"]
[Round "2.83"]
[White "Toth, Kincso"]
[Black "Blanchet, Mathieu"]
[Result "0-1"]
[WhiteElo "1881"]
[WhiteFideId "17003857"]
[BlackElo "2091"]
[BlackFideId "26052610"]
[Variant "Standard"]
[StudyName "ROpen 2025 - Rd2 - Boards 45-108"]
1. e4 c5 2. d4 cxd4 3. c3 dxc3 4. Nxc3 Nc6 5. Nf3 e6 6. Bb5 a6 7. Ba4 b5 8. Bb3 Bb7 9. O-O Nge7 10. Qe2 Ng6 11. Rd1 Bc5 12. Bg5 Be7 13. Be3 O-O 14. Rac1 Na5 15. Nd4 Nxb3 16. Nxb3 Rc8 17. Bd4 Bg5 18. Ra1 Be7 19. Rac1 d6 20. Qg4 e5 21. Be3 Rc4 22. Nd2 Rb4 23. b3 f5 24. Qe2 f4 25. Ba7 Qa8 26. Bb6 f3 27. gxf3 Nf4 28. Qf1 Rf6 29. Ne2 Rg6+ 30. Ng3 d5 31. a3 Rxb6 32. axb4 d4 33. Nf5 Rg6+ 34. Kh1 Bxb4 35. Rc7 Kf8 36. Nh4 Rh6 37. Qg1 Ne6 38. Rxb7 Qxb7 39. Qg4 Qc6 40. Nf1 Qc2 41. Ra1 Qxf2 42. Ng3 Rxh4 43. Qxh4 Qxf3+ 44. Kg1 d3 45. Rf1 Bc5+ 0-1

[Event "Reykjavik Open 2025"]
[Site "Reykjavik"]
[Date "2025.04.10"]
[Round "2.84"]
[White "Tessiore, Luca G"]
[Black "Hardwick, Hugo"]
[Result "1-0"]
[WhiteElo "2087"]
[WhiteFideId "30974976"]
[BlackElo "1873"]
[BlackFideId "1767569"]
[Variant "Standard"]
[StudyName "ROpen 2025 - Rd2 - Boards 45-108"]
1. d4 Nf6 2. c4 c5 3. d5 b5 4. cxb5 a6 5. e3 Bb7 6. Nc3 e6 7. dxe6 fxe6 8. Nf3 Be7 9. Be2 O-O 10. O-O axb5 11. Bxb5 Nc6 12. b3 d5 13. Bb2 Qd6 14. h3 e5 15. Nd2 e4 16. f3 exf3 17. Nxf3 Ne5 18. Nxe5 Qxe5 19. Nxd5 Qxb2 20. Nxe7+ Kh8 21. Bc6 Bxc6 22. Nxc6 Rxa2 23. Rxa2 Qxa2 24. Qd6 Re8 25. Rxf6 gxf6 26. Qxf6+ Kg8 27. Ne7+ Rxe7 28. Qxe7 Qxb3 29. Qg5+ Kf7 30. Qxc5 Qb1+ 31. Kf2 Qb2+ 32. Kf3 Qf6+ 33. Kg4 Qg6+ 34. Qg5 Qc6 35. Qf5+ Kg7 36. Qe5+ Kf7 37. e4 Qg6+ 38. Kf3 1-0

[Event "Reykjavik Open 2025"]
[Site "Reykjavik"]
[Date "2025.04.10"]
[Round "2.85"]
[White "Liu, Meng"]
[Black "Hafthorsson, Jon Ulfur"]
[Result "0-1"]
[WhiteElo "2079"]
[WhiteFideId "8620644"]
[BlackElo "1872"]
[BlackFideId "2323206"]
[Variant "Standard"]
[StudyName "ROpen 2025 - Rd2 - Boards 45-108"]
1. d4 Nf6 2. c4 g6 3. Nc3 Bg7 4. e4 d6 5. h3 O-O 6. Nf3 e5 7. d5 a5 8. g4 Na6 9. Be3 Nc5 10. Nd2 c6 11. Be2 cxd5 12. cxd5 Bd7 13. g5 Ne8 14. h4 f5 15. h5 f4 16. Bxc5 dxc5 17. h6 Bh8 18. Rg1 Nd6 19. Nc4 Nf7 20. Qb3 b5 21. Nxb5 a4 22. Qa3 Bxb5 23. Qxc5 Bxc4 24. Bxc4 Rc8 25. Qb4 Nd6 26. Bd3 Rb8 27. Qd2 Nf7 28. Bc4 Nxg5 29. d6+ Nf7 30. Rd1 Qd7 31. b3 axb3 32. axb3 Rfd8 33. Qa5 Qb7 34. Kf1 Kf8 35. Qc5 Qb6 36. Qd5 Qb7 37. Qc5 Rbc8 38. Qa3 Qd7 39. Ke2 Bf6 40. Rd3 Nxd6 41. Rgd1 Be7 42. Qa5 Qg4+ 43. Ke1 Nf7 44. Rxd8+ Rxd8 45. Rxd8+ Nxd8 46. Qxe5 Bb4+ 47. Kf1 Qd1+ 48. Kg2 f3+ 49. Kh3 Qh1+ 50. Qh2 Qxh2+ 51. Kxh2 Nf7 52. Kg3 Bd6+ 53. Kxf3 Ne5+ 54. Ke3 Nxc4+ 55. bxc4 Bc5+ 56. Kf3 Kf7 57. Kg3 Bf8 58. Kg4 Bxh6 59. f4 Bg7 60. c5 h5+ 61. Kh4 Bf6+ 62. Kg3 Bd8 63. Kf3 Ke7 64. f5 g5 65. e5 g4+ 66. Kf4 Bc7 67. c6 Kf7 0-1

[Event "Reykjavik Open 2025"]
[Site "Reykjavik"]
[Date "2025.04.10"]
[Round "2.86"]
[White "Patel, Zain"]
[Black "Hermannsson, Sigurbjorn"]
[Result "1-0"]
[WhiteElo "2079"]
[WhiteFideId "469246"]
[BlackElo "1870"]
[BlackFideId "2325128"]
[Variant "Standard"]
[StudyName "ROpen 2025 - Rd2 - Boards 45-108"]
1. Nf3 d5 2. d4 Nf6 3. e3 c5 4. Nbd2 cxd4 5. exd4 e6 6. b3 Bd6 7. Bb2 O-O 8. Bd3 b6 9. Qe2 Bb7 10. O-O Nc6 11. a3 Rc8 12. Ne5 Ne7 13. f4 Ne4 14. Nxe4 dxe4 15. Bxe4 Bxe4 16. Qxe4 Bxe5 17. fxe5 Qc7 18. c4 b5 19. Rac1 bxc4 20. bxc4 Qb6 21. Rf2 Qb3 22. Qc2 Qe3 23. Qd2 Nf5 24. d5 exd5 25. cxd5 Qxd2 26. Rxd2 Rxc1+ 27. Bxc1 Rc8 28. Bb2 g6 29. d6 Rd8 30. Rc2 h5 31. Rc7 f6 32. d7 Kf7 33. Rxa7 fxe5 34. Bxe5 Ke6 35. Bc3 Nd6 36. Bb4 Ne4 37. Kf1 Rxd7 38. Rxd7 Kxd7 39. Ke2 Nf6 40. Kf3 Ke6 41. Kf4 Nd5+ 42. Ke4 Nf6+ 43. Kd4 Ng4 44. h3 Nh6 45. a4 Nf5+ 46. Kc5 Ne3 47. Kc6 Nxg2 48. a5 Ne3 49. a6 Nd5 50. Bd6 1-0

[Event "Reykjavik Open 2025"]
[Site "Reykjavik"]
[Date "2025.04.10"]
[Round "2.87"]
[White "Adams, Henry"]
[Black "Hallsson, Jon Eggert"]
[Result "1-0"]
[WhiteElo "2077"]
[WhiteFideId "464562"]
[BlackElo "1869"]
[BlackFideId "2311569"]
[Variant "Standard"]
[StudyName "ROpen 2025 - Rd2 - Boards 45-108"]
1. d4 e6 2. Nf3 f5 3. g3 Nf6 4. Bg2 Be7 5. O-O O-O 6. c4 d6 7. Nc3 Ne4 8. Nxe4 fxe4 9. Nd2 d5 10. f3 exf3 11. Nxf3 dxc4 12. Qc2 Nc6 13. Qxc4 Qd5 14. Qd3 Bf6 15. Be3 Qh5 16. Rad1 Kh8 17. Ng5 Nb4 18. Qb1 Nd5 19. Bc1 Bd7 20. Bf3 Qg6 21. Be4 Qh5 22. Bf3 Qg6 23. Be4 Qh5 24. Nxh7 Bxd4+ 25. Rxd4 Rxf1+ 26. Kxf1 Bb5 27. Bf3 Qxh2 28. Ng5 Bxe2+ 29. Bxe2 Kg8 30. Rh4 Rf8+ 31. Bf3 Rxf3+ 32. Nxf3 Qxg3 33. Qe4 Kf7 34. Ng5+ 1-0

[Event "Reykjavik Open 2025"]
[Site "Reykjavik"]
[Date "2025.04.10"]
[Round "2.88"]
[White "Borne, Niels"]
[Black "Briem, Gudrun Fanney"]
[Result "1-0"]
[WhiteElo "2071"]
[WhiteTitle "FM"]
[WhiteFideId "602876"]
[BlackElo "1863"]
[BlackFideId "2317486"]
[Variant "Standard"]
[StudyName "ROpen 2025 - Rd2 - Boards 45-108"]
1. c4 c6 2. Nf3 d5 3. e3 Nf6 4. Nc3 e6 5. b3 Nbd7 6. Qc2 Bd6 7. Bb2 O-O 8. Be2 Re8 9. O-O Nf8 10. d4 Ng6 11. Rfd1 Qe7 12. Bd3 Bd7 13. Rac1 Rad8 14. Re1 dxc4 15. bxc4 c5 16. Ne4 Nxe4 17. Bxe4 Bc6 18. Bxc6 bxc6 19. Qa4 Qc7 20. Bc3 Rb8 21. h3 Rec8 22. Red1 cxd4 23. Nxd4 Bc5 24. Nxc6 Qxc6 25. Rd8+ Rxd8 26. Qxc6 Rbc8 27. Qe4 Ba3 28. Rc2 Rd1+ 29. Kh2 Bd6+ 30. g3 Rb8 31. Bd4 h5 32. c5 Bf8 33. c6 Rc8 34. Qf3 Re1 35. Qxh5 Bd6 36. Kg2 e5 37. Bxa7 Bc7 38. Bc5 Rb8 39. Qf5 Rbb1 40. Kf3 e4+ 41. Kxe4 Be5 42. Qxe5 Nxe5 43. c7 f6 44. c8=Q+ Kh7 45. Qf5+ g6 46. Qxf6 g5 47. Qxe5 Rb7 48. Bd4 g4 49. Qh8+ Kg6 50. Rc6+ Kg5 51. h4# 1-0

[Event "Reykjavik Open 2025"]
[Site "Reykjavik"]
[Date "2025.04.10"]
[Round "2.89"]
[White "Monteverde, Jonathan"]
[Black "Nergard, Ole-Kristian"]
[Result "1-0"]
[WhiteElo "2067"]
[WhiteFideId "1314580"]
[BlackElo "1863"]
[BlackFideId "1543156"]
[Variant "Standard"]
[StudyName "ROpen 2025 - Rd2 - Boards 45-108"]
1. d4 Nf6 2. c4 g6 3. Nc3 Bg7 4. e4 d6 5. Nf3 O-O 6. h3 e5 7. d5 Na6 8. Bg5 c6 9. Be2 cxd5 10. cxd5 h6 11. Be3 Nc5 12. Nd2 Nfd7 13. g4 a5 14. Nc4 Qe7 15. Qc2 f5 16. gxf5 gxf5 17. exf5 e4 18. Rg1 Kh8 19. O-O-O Rxf5 20. Rg2 Nf6 21. Rdg1 Bf8 22. Bd4 Kh7 23. Nb5 Rxd5 24. Nb6 Rb8 25. Nxd5 Nxd5 26. Nxd6 Qxd6 27. Rg7+ Bxg7 28. Rxg7+ Kh8 29. Rd7+ 1-0

[Event "Reykjavik Open 2025"]
[Site "Reykjavik"]
[Date "2025.04.10"]
[Round "2.90"]
[White "Albersmann, Rene"]
[Black "Mensing, Adrian"]
[Result "0-1"]
[WhiteElo "1859"]
[WhiteFideId "34631402"]
[BlackElo "2078"]
[BlackFideId "1043293"]
[Variant "Standard"]
[StudyName "ROpen 2025 - Rd2 - Boards 45-108"]
1. e4 c5 2. Nf3 d6 3. d4 cxd4 4. Nxd4 Nf6 5. f3 e5 6. Nb3 Be6 7. c4 Qc7 8. Qd3 Be7 9. Nc3 a6 10. Be3 O-O 11. Nd5 Nxd5 12. cxd5 Bd7 13. Rc1 Qd8 14. Qc2 Bg5 15. Qd2 Bxe3 16. Qxe3 f5 17. Be2 a5 18. Nd2 f4 19. Qf2 Na6 20. Nc4 Rc8 21. O-O Bb5 22. Na3 Bxe2 23. Qxe2 Qb6+ 24. Kh1 Nb4 25. Nc4 Qc5 26. a3 Na6 27. h3 Qb5 28. Rc2 Rfd8 29. Rfc1 Rc5 30. Qd2 g5 31. Qe1 a4 32. Qg1 b6 33. Qe1 h5 34. h4 g4 35. fxg4 hxg4 36. Qe2 Kh7 37. Qxg4 Qd7 38. Qxd7+ Rxd7 39. Nxb6 Rb7 40. Nxa4 Ra5 41. Nc3 Rb3 42. g3 Nc5 43. gxf4 exf4 44. Rf1 Nd3 45. Rb1 Ra8 46. Ne2 Rg8 47. Nd4 Rb7 48. Ne6 Rg4 49. Ng5+ Kh6 50. Nf3 Kh5 51. Rg2 Rg3 52. Rxg3 fxg3 53. Kg2 Kg4 54. Ng1 Rf7 55. Nh3 Rc7 56. Rf1 Rc2+ 57. Nf2+ Nxf2 58. e5 Nh3+ 0-1

[Event "Reykjavik Open 2025"]
[Site "Reykjavik"]
[Date "2025.04.10"]
[Round "2.91"]
[White "Verbitsky, Jaroslaw"]
[Black "Van Meter, Lester"]
[Result "1/2-1/2"]
[WhiteElo "2065"]
[WhiteFideId "16214170"]
[BlackElo "1857"]
[BlackFideId "2001691"]
[Variant "Standard"]
[StudyName "ROpen 2025 - Rd2 - Boards 45-108"]
1. e4 c5 2. Nf3 Nc6 3. Bb5 g6 4. O-O Bg7 5. c3 Nf6 6. Re1 O-O 7. d4 cxd4 8. cxd4 d5 9. e5 Ne4 10. Bxc6 bxc6 11. Be3 f6 12. Nbd2 Bg4 13. Nxe4 dxe4 14. Qb3+ Qd5 15. Qxd5+ cxd5 16. exf6 exf6 17. Nd2 Rfc8 18. Rac1 Bf8 19. Bf4 Rxc1 20. Rxc1 Rc8 21. Rxc8 Bxc8 22. Bb8 a6 23. a3 Kf7 24. Ba7 Bh6 25. Nb1 Ke6 26. Kf1 Kd6 27. Ke1 Kc6 28. Kd1 Bg4+ 29. Ke1 Bc8 30. h3 f5 31. h4 f4 32. Bb8 Bg7 33. Bxf4 Bxd4 34. Nc3 Bxc3+ 35. bxc3 Kc5 36. Kd2 Kc4 37. Bd6 d4 38. cxd4 Kxd4 39. Bb8 Bd7 40. Ba7+ Kd5 1/2-1/2

[Event "Reykjavik Open 2025"]
[Site "Reykjavik"]
[Date "2025.04.10"]
[Round "2.92"]
[White "Magnusson, Gisli"]
[Black "Weersing, Abigail Riis"]
[Result "0-1"]
[WhiteElo "1857"]
[WhiteFideId "1437330"]
[BlackElo "2069"]
[BlackFideId "460036"]
[Variant "Standard"]
[StudyName "ROpen 2025 - Rd2 - Boards 45-108"]
1. e4 e6 2. d4 d5 3. exd5 exd5 4. Bd3 Nf6 5. c3 Bd6 6. Ne2 Bg4 7. O-O O-O 8. f3 Bh5 9. Bf4 Re8 10. Bxd6 Qxd6 11. Ng3 Bg6 12. Qc2 c5 13. dxc5 Qxc5+ 14. Kh1 Bxd3 15. Qxd3 Nc6 16. Nd2 Ne5 17. Qd4 Qxd4 18. cxd4 Nd3 19. f4 Rac8 20. Rf3 Nxb2 21. Rb3 Rc2 22. Nf3 b6 23. Ne1 Rd2 24. Nf3 Rd1+ 25. Rxd1 Nxd1 26. Kg1 g6 27. a4 Rc8 28. Kf1 Rc3 29. Nd2 Rxb3 30. Nxb3 a5 31. Ne2 Ne4 32. Na1 Kf8 33. Nc2 Ke7 34. Ke1 Nb2 35. Ne3 Kd6 36. f5 Nxa4 37. fxg6 fxg6 38. Kd1 Nac3+ 39. Nxc3 Nxc3+ 40. Kc2 Ne4 41. Kd3 b5 42. g4 a4 43. Kc2 b4 44. Kb2 Nd2 45. Nc2 Nc4+ 46. Kb1 b3 0-1

[Event "Reykjavik Open 2025"]
[Site "Reykjavik"]
[Date "2025.04.10"]
[Round "2.93"]
[White "Gavran, Marinko"]
[Black "Skjoldebrand, Martin"]
[Result "1-0"]
[WhiteElo "2054"]
[WhiteFideId "14524848"]
[BlackElo "1856"]
[BlackFideId "1711911"]
[Variant "Standard"]
[StudyName "ROpen 2025 - Rd2 - Boards 45-108"]
1. b3 Nf6 2. Bb2 d5 3. e3 Bf5 4. Nf3 Nbd7 5. Be2 e6 6. O-O Be7 7. d3 O-O 8. Nh4 Re8 9. Nxf5 exf5 10. c4 c6 11. Bf3 dxc4 12. bxc4 Nc5 13. d4 Qb6 14. Qc2 Nce4 15. Nc3 Qb4 16. c5 Qc4 17. Rfd1 Qe6 18. a4 Bd8 19. Rab1 Nd5 20. Nxd5 Qxd5 21. Be2 Bh4 22. g3 Ng5 23. e4 Qxe4 24. Qxe4 Nxe4 25. gxh4 Nd2 26. Bd3 Nxb1 27. Rxb1 g6 28. Bc3 Re7 29. Kg2 Rd8 30. a5 a6 31. Kf3 Kf8 32. Kf4 f6 33. h5 Kg7 34. h4 Rd5 35. Rg1 Kh6 36. hxg6 hxg6 37. Kf3 Re8 38. Bd2+ Kh7 39. Be3 Rh8 40. Bc4 Rd7 41. h5 Rg8 42. Bxg8+ 1-0

[Event "Reykjavik Open 2025"]
[Site "Reykjavik"]
[Date "2025.04.10"]
[Round "2.95"]
[White "De Seroux, Camille"]
[Black "Rajkumar, Daniel"]
[Result "1-0"]
[WhiteElo "2049"]
[WhiteFideId "1305620"]
[BlackElo "1855"]
[BlackFideId "143105003"]
[Variant "Standard"]
[StudyName "ROpen 2025 - Rd2 - Boards 45-108"]
1. e4 c6 2. Bc4 d5 3. Bb3 e6 4. Nc3 Nf6 5. e5 Nfd7 6. f4 c5 7. d3 a6 8. a4 b6 9. Nf3 Be7 10. O-O g6 11. Qe1 Nc6 12. Bd2 Bb7 13. Qg3 Qc7 14. Qh3 O-O-O 15. Bxd5 exd5 16. Nxd5 Qb8 17. Nxb6+ Kc7 18. Nd5+ Kc8 19. Be3 Qa7 20. b4 Rhe8 21. Nxe7+ Nxe7 22. Bxc5 Qa8 23. Bb6 Nd5 24. Bxd8 Kxd8 25. Ng5 Rf8 26. e6 N7f6 27. Rae1 Kc7 28. exf7 Bc8 29. Qh6 Bd7 30. Qg7 Ng4 31. Qd4 Ngf6 32. Qc5+ Kb7 33. c4 Nb6 34. Qe7 Qa7 35. Qxf8 Ng4 36. Qc5 1-0

[Event "Reykjavik Open 2025"]
[Site "Reykjavik"]
[Date "2025.04.10"]
[Round "2.96"]
[White "Belic, Nebojsa"]
[Black "Bougain, Victor"]
[Result "0-1"]
[WhiteElo "1850"]
[WhiteFideId "9206099"]
[BlackElo "2061"]
[BlackFideId "45197784"]
[Variant "Standard"]
[StudyName "ROpen 2025 - Rd2 - Boards 45-108"]
1. c4 c6 2. g3 d5 3. Nf3 Nf6 4. Bg2 g6 5. O-O Bg7 6. cxd5 cxd5 7. d4 O-O 8. Nc3 Nc6 9. Bg5 Ne4 10. Bf4 Bf5 11. e3 Rc8 12. Nxe4 Bxe4 13. Rc1 e6 14. Qa4 Bxf3 15. Bxf3 g5 16. Be5 f6 17. Bg4 Qd7 0-1

[Event "Reykjavik Open 2025"]
[Site "Reykjavik"]
[Date "2025.04.10"]
[Round "2.97"]
[White "Bjarnason, Kristinn"]
[Black "Allard, Thomas"]
[Result "0-1"]
[WhiteElo "1849"]
[WhiteFideId "2323028"]
[BlackElo "2053"]
[BlackFideId "676160"]
[Variant "Standard"]
[StudyName "ROpen 2025 - Rd2 - Boards 45-108"]
1. e4 c5 2. Nf3 Nc6 3. d4 cxd4 4. Nxd4 Nf6 5. Nc3 e5 6. Ndb5 d6 7. Bg5 a6 8. Na3 b5 9. Nd5 Be7 10. Bxf6 Bxf6 11. Nxf6+ Qxf6 12. Qd5 Bb7 13. c3 O-O 14. Be2 Rfd8 15. O-O Rab8 16. Qd2 Ne7 17. Bf3 d5 18. exd5 Nxd5 19. Bxd5 Bxd5 20. Qe2 Qg5 21. f3 h5 22. Rfd1 h4 23. h3 Qg6 24. Re1 Re8 25. Rad1 Bc6 26. Rd2 e4 27. f4 e3 28. Rd4 Be4 29. Qg4 Qc6 30. Rxe3 b4 31. Nc4 bxc3 32. bxc3 f6 33. Nd6 f5 34. Nxe8 0-1

[Event "Reykjavik Open 2025"]
[Site "Reykjavik"]
[Date "2025.04.10"]
[Round "2.99"]
[White "Carr, Jay"]
[Black "Roubert, Emile"]
[Result "0-1"]
[WhiteElo "1843"]
[WhiteFideId "30922690"]
[BlackElo "2050"]
[BlackFideId "680311"]
[Variant "Standard"]
[StudyName "ROpen 2025 - Rd2 - Boards 45-108"]
1. Nf3 d5 2. e3 Nf6 3. b3 Bg4 4. h3 Bxf3 5. Qxf3 e5 6. Bb2 Nbd7 7. g4 c6 8. c4 Be7 9. Nc3 d4 10. exd4 exd4 11. Ne2 Ne5 12. Qf5 Bd6 13. Nxd4 g6 14. Qc2 Bc5 15. g5 Bxd4 16. O-O-O Nh5 17. Qe4 Bxb2+ 18. Kxb2 Qxg5 19. d4 O-O-O 20. h4 Qf4 21. Bh3+ Nd7 22. Qe7 f5 23. Rhe1 Rhe8 24. Qxe8 Rxe8 25. Rxe8+ Kc7 26. Re2 Qxh4 0-1

[Event "Reykjavik Open 2025"]
[Site "Reykjavik"]
[Date "2025.04.10"]
[Round "2.100"]
[White "Kukushkin, Ivan"]
[Black "Zhang, Onno"]
[Result "1-0"]
[WhiteElo "2030"]
[WhiteFideId "11634103"]
[BlackElo "1843"]
[BlackFideId "34643397"]
[Variant "Standard"]
[StudyName "ROpen 2025 - Rd2 - Boards 45-108"]
1. e4 c5 2. Nf3 d6 3. d4 cxd4 4. Nxd4 Nf6 5. f3 e5 6. Nb3 Be7 7. c4 O-O 8. Be3 Be6 9. Nc3 { [%csl Gd7] } 9... Nbd7 10. Be2 Rc8 11. Nd5 Bxd5 12. cxd5 Nh5 13. Qd2 f5 14. O-O f4 15. Bf2 Bh4 16. Bb5 Bxf2+ 17. Qxf2 Nc5 18. Rfc1 Nxb3 19. axb3 a6 20. Bd3 Rf7 21. Rxc8 Qxc8 22. Qb6 Qc7 23. Qxc7 Rxc7 24. Kf2 Nf6 25. Ke2 Nd7 26. b4 Kf7 27. Kd2 h6 28. Ra3 Ke7 29. b5 a5 30. Rxa5 b6 31. Ra3 Kf6 32. b4 Kf7 33. g3 Ke7 34. Bf1 Kf7 35. Bh3 Nf6 36. Be6+ Kg6 37. gxf4 exf4 38. Ra6 Rc4 39. Rxb6 Rxb4 40. Rxd6 Rxb5 41. e5 Ne8 42. Rc6 1-0

[Event "Reykjavik Open 2025"]
[Site "Reykjavik"]
[Date "2025.04.10"]
[Round "2.101"]
[White "Yu, Tianxiang Carlos"]
[Black "De La Torre, Igor"]
[Result "1-0"]
[WhiteElo "1843"]
[WhiteFideId "39922723"]
[BlackElo "2048"]
[BlackFideId "630535"]
[Variant "Standard"]
[StudyName "ROpen 2025 - Rd2 - Boards 45-108"]
1. e4 c5 2. Nf3 Nc6 3. Bb5 g6 4. Bxc6 bxc6 5. d4 Bg7 6. dxc5 Ba6 7. Nbd2 Qa5 8. Rb1 Qxa2 9. b4 Qe6 10. Ng5 Qf6 11. Bb2 e5 12. Ngf3 Qe6 13. Ra1 Bb5 14. c4 Bxc4 15. Ng5 Qe7 16. Nxc4 Qxg5 17. O-O Nf6 18. Nd6+ Ke7 19. Qb3 Rhf8 20. g3 Ng4 21. h3 Nh6 22. Kg2 Qf6 23. f4 Qe6 24. Qd3 f6 25. Rad1 Rfb8 26. Bc3 a5 27. bxa5 Rb3 28. Nc4 Nf7 29. Nb6 Rd8 30. f5 gxf5 31. exf5 e4 1-0

[Event "Reykjavik Open 2025"]
[Site "Reykjavik"]
[Date "2025.04.10"]
[Round "2.102"]
[White "Belz, Frank-Martin"]
[Black "Fernandez, Kenneth"]
[Result "1-0"]
[WhiteElo "2027"]
[WhiteFideId "12941026"]
[BlackElo "1842"]
[BlackFideId "30903750"]
[Variant "Standard"]
[StudyName "ROpen 2025 - Rd2 - Boards 45-108"]
1. Nf3 d5 2. e3 Nf6 3. c4 c6 4. Nc3 e6 5. b3 Bd6 6. Bb2 e5 7. cxd5 cxd5 8. Nb5 Nc6 9. Nxd6+ Qxd6 10. Bb5 Nd7 11. O-O O-O 12. Rc1 a6 13. Bxc6 bxc6 14. Qc2 Bb7 15. Qf5 f6 16. Nh4 Rfd8 17. Qg4 Nf8 18. Nf5 Qd7 19. Ba3 g6 20. Ne7+ Kf7 21. Qxd7 Rxd7 22. Nxc6 a5 23. f4 e4 24. Bxf8 Kxf8 25. Rc3 Bxc6 26. Rxc6 Kg7 27. Rfc1 Raa7 28. Kf2 Kf7 29. Ke2 Kg7 30. d4 f5 31. Kd2 Kf7 32. R1c5 Kg7 33. Re6 a4 34. b4 a3 35. Kc3 Rdb7 36. Rd6 Ra4 37. b5 Kh6 38. Rdxd5 Kh5 39. Kb3 Ra8 40. Kb4 h6 41. Rc3 Kg4 42. Rxa3 Rxa3 43. Kxa3 g5 44. fxg5 f4 45. Re5 f3 46. Rxe4+ Kxg5 47. gxf3 Rxb5 48. Re5+ 1-0

[Event "Reykjavik Open 2025"]
[Site "Reykjavik"]
[Date "2025.04.10"]
[Round "2.103"]
[White "Muskens, Mink"]
[Black "Brackmann, Hendrik"]
[Result "0-1"]
[WhiteElo "1841"]
[WhiteFideId "1085050"]
[BlackElo "2040"]
[BlackFideId "12905135"]
[Variant "Standard"]
[StudyName "ROpen 2025 - Rd2 - Boards 45-108"]
1. Nf3 Nf6 2. g3 c5 3. Bg2 Nc6 4. O-O e5 5. d3 d5 6. e4 dxe4 7. dxe4 Qxd1 8. Rxd1 Bg4 9. c3 Nxe4 10. Re1 O-O-O 11. Nxe5 Nxe5 12. Bxe4 Nf3+ 13. Bxf3 Bxf3 14. Bf4 f6 15. Nd2 Bc6 16. Nc4 Bb5 17. Na3 Bd3 18. Rac1 g5 19. Be3 h5 20. Nc2 b6 21. Red1 Be7 22. Ne1 Be4 23. f3 Bc6 24. Kf2 h4 25. g4 Bd6 26. h3 Bg3+ 27. Kg2 Rde8 28. Bf2 Re2 29. Rc2 Rhe8 30. Rdd2 Rxe1 31. Bxe1 Rxe1 32. Re2 Ra1 33. a3 Ba4 34. Rcd2 Bb5 35. c4 Bxc4 36. Re8+ Kc7 37. f4 Bxf4 38. Rdd8 Bf1+ 39. Kf3 Bxh3 40. Ra8 Kb7 41. Rad8 Rg1 42. Re7+ Ka6 43. a4 Bxg4+ 44. Kf2 Rg3 45. b4 Rf3+ 46. Kg1 Re3 47. Rg7 h3 48. Rh7 h2+ 49. Kf2 Rf3+ 50. Kg2 Rg3+ 51. Kxh2 Rh3+ 52. Kg1 Be3+ 0-1